| 000 | 00650nam a22002057a 4500 | ||
|---|---|---|---|
| 005 | 20251108172711.0 | ||
| 008 | 250721s1998 xx 000 0 ara d | ||
| 082 | 1 | 4 | _aم/213.32/عقي |
| 100 | 1 |
_aالعقيلي، أبو جعفر محمد بن عمرو _eمؤلف |
|
| 245 | 1 | 0 | _aكتاب الضعفاء الكبير / |
| 250 | _a2 | ||
| 264 | 1 |
_aبيروت : _bدار الكتب العلمية، _c1998. |
|
| 300 | _aمج | ||
| 650 | 1 | 7 | _aعلوم الحديث |
| 650 | 1 | 7 | _aالحديث الضعيف |
| 653 | _aالجرح والتعديل | ||
| 700 | 1 |
_aقلعجي، عبد المعطي _eمحقق |
|
| 942 |
_2ddc _cREF |
||
| 999 |
_c86280 _d86280 |
||